[Event "Liga Madrid 2009-2010 Division de Honor"]
[Site "Madrid ESP"]
[Date "2010.02.21"]
[Round "11.16"]
[White "Vazquez Torres, Adrian"]
[Black "Pablos Tenrero, Raquel"]
[Result "1-0"]
[WhiteElo "2144"]
[BlackElo "1859"]
[PlyCount "81"]
[EventDate "2009.11.22"]
[EventType "team"]
[EventRounds "14"]
[EventCountry "ESP"]
[Source "lmi"]
[SourceDate "2009.11.22"]

1. e4 e5 2. Nf3 Nc6 3. Bb5 a6 4. Ba4 Nf6 5. O-O Be7 6. Re1 b5 7. Bb3 d6 8. h3
O-O 9. c3 Na5 10. Bc2 c5 11. a4 b4 12. cxb4 cxb4 13. d4 exd4 14. Nxd4 Re8 15.
Bf4 Qb6 16. Qd3 Nc6 17. Nxc6 Qxc6 18. Nd2 Be6 19. Rac1 Qd7 20. Nf3 Rec8 21. Nd4
Bc4 22. Qf3 Ne8 23. e5 dxe5 24. Bxe5 Bd5 25. Qg3 Bf6 26. Bxf6 Nxf6 27. Nf5 g6
28. Ne7+ Kg7 29. Nxc8 Rxc8 30. Bb3 Rxc1 31. Rxc1 Qe6 32. Bxd5 Qxd5 33. Qe3 Qd7
34. Qe5 Qxa4 35. Rc7 Qe8 36. Qd4 b3 37. Rb7 Qe1+ 38. Kh2 Qa5 39. Rb6 Qf5 40. g4
Qg5 41. f4 1-0

[Event "Liga Madrid 2009-2010 Division de Honor"]
[Site "Madrid ESP"]
[Date "2010.02.21"]
[Round "11.21"]
[White "Serrano Salvador, Eduardo"]
[Black "Valles Moreno, Ivan"]
[Result "1-0"]
[WhiteElo "2319"]
[BlackElo "2424"]
[PlyCount "43"]
[EventDate "2009.11.22"]
[EventType "team"]
[EventRounds "14"]
[EventCountry "ESP"]
[Source "lmi"]
[SourceDate "2009.11.22"]

1. d4 e6 2. Nf3 f5 3. Bg5 Nf6 4. Nbd2 Be7 5. Bxf6 Bxf6 6. e4 d5 7. exf5 exf5 8.
Qe2+ Be7 9. Ne5 O-O 10. O-O-O Nc6 11. Ndf3 Qd6 12. Nxc6 bxc6 13. Ne5 Rb8 14.
Qe3 Be6 15. f4 Rb7 16. Re1 Qb4 17. Nd3 Qb6 18. Qxe6+ Rf7 19. Ne5 Qxb2+ 20. Kd1
Qxd4+ 21. Bd3 Rb8 22. Nxf7 1-0

[Event "Liga Madrid 2009-2010 Division de Honor"]
[Site "Madrid ESP"]
[Date "2010.02.21"]
[Round "11.22"]
[White "Sanchez Gonzalez, Sergio"]
[Black "Hernandez Gallardo, Francisco Javier"]
[Result "1/2-1/2"]
[WhiteElo "2322"]
[BlackElo "2360"]
[PlyCount "168"]
[EventDate "2009.11.22"]
[EventType "team"]
[EventRounds "14"]
[EventCountry "ESP"]
[Source "lmi"]
[SourceDate "2009.11.22"]

1. c4 e6 2. g3 d5 3. Bg2 Nf6 4. Nf3 Be7 5. b3 O-O 6. Bb2 c5 7. cxd5 Nxd5 8. O-O
Nc6 9. d4 cxd4 10. Nxd4 Nxd4 11. Bxd4 Bd7 12. e4 Nf6 13. Qd2 Bc6 14. Qb2 Qd7
15. Nd2 Rfd8 16. Bc3 Qe8 17. Rfe1 Rac8 18. b4 b6 19. Rac1 Bb5 20. Nf3 Qf8 21.
a3 Ne8 22. Nd4 Bc4 23. e5 Bd5 24. Bd2 Nc7 25. Nc6 Bxc6 26. Rxc6 Nd5 27. Rxc8
Rxc8 28. Bxd5 exd5 29. Qd4 Qd8 30. Rd1 Qd7 31. Bc3 Qe6 32. Bb2 Rc2 33. Bc3 Qc6
34. Rd3 Bf8 35. Bd2 Ra2 36. Qxd5 Qe6 37. Qd4 h6 38. Be3 Kh7 39. Qc3 a5 40. Rd8
Be7 41. Rb8 axb4 42. axb4 Qd5 43. Qd4 Qf3 44. Rc8 Bxb4 45. Qxb4 Ra1+ 46. Bc1
Qd1+ 47. Kg2 Rxc1 48. Rxc1 Qxc1 49. Qxb6 Qc4 50. Qe3 Qd5+ 51. f3 Qa2+ 52. Qf2
Qe6 53. Qe2 g6 54. h4 Kg7 55. g4 Kh7 56. Qb2 Kg7 57. Kg3 Kh7 58. Qd4 Kg7 59.
Qf4 Qb3 60. Qf6+ Kh7 61. h5 g5 62. Qf5+ Kg7 63. Qf6+ Kh7 64. Qc6 Kg7 65. Qe4
Kg8 66. Qd4 Kh7 67. Qe4+ Kg8 68. Kf2 Qa2+ 69. Qe2 Qb3 70. Qe3 Qa2+ 71. Kg3 Qc4
72. f4 gxf4+ 73. Qxf4 Qc3+ 74. Kf2 Qc2+ 75. Kf3 Qd1+ 76. Ke4 Qa4+ 77. Kf3 Qd1+
78. Kg3 Qg1+ 79. Kh3 Qh1+ 80. Qh2 Qf3+ 81. Kh4 Qe4 82. Qg3 Qh1+ 83. Qh3 Qe1+
84. Qg3 Qh1+ 1/2-1/2

[Event "Liga Madrid 2009-2010 Division de Honor"]
[Site "Madrid ESP"]
[Date "2010.02.21"]
[Round "11.23"]
[White "Solaesa Navalpotro, Luis Julio"]
[Black "Perez Gonzalez, Jose Manuel"]
[Result "1-0"]
[WhiteElo "2224"]
[BlackElo "2332"]
[PlyCount "115"]
[EventDate "2009.11.22"]
[EventType "team"]
[EventRounds "14"]
[EventCountry "ESP"]
[Source "lmi"]
[SourceDate "2009.11.22"]

1. d4 c5 2. d5 Nf6 3. c4 b5 4. cxb5 a6 5. bxa6 g6 6. Nc3 Bxa6 7. Nf3 d6 8. e4
Bxf1 9. Kxf1 Nbd7 10. h3 Bg7 11. Kg1 O-O 12. Kh2 Qa5 13. Re1 Rfb8 14. Re2 Rb4
15. Rb1 Rab8 16. a3 R4b7 17. Qc2 Ne8 18. Bd2 Qa6 19. Ree1 Ne5 20. Nxe5 Bxe5+
21. f4 Bd4 22. Nd1 Rb3 23. Bc3 Qa4 24. Rc1 Nc7 25. Bxd4 Qxd4 26. Qe2 Rd3 27.
Rc2 Rbb3 28. Nc3 Nb5 29. Nxb5 Rxb5 30. Qf2 Qxf2 31. Rxf2 Rdb3 32. Ree2 Kf8 33.
Kg1 c4 34. Rc2 Rc5 35. Rf3 Rbb5 36. Rfc3 f5 37. exf5 gxf5 38. Kf2 Rxd5 39. Rxc4
Rd3 40. Re2 Rdb3 41. Rc8+ Kf7 42. Rc7 Rxb2 43. Rcxe7+ Kg8 44. Rxb2 Rxb2+ 45.
Re2 Rb3 46. Ra2 Kf7 47. a4 Ke6 48. a5 Rb7 49. a6 Ra7 50. Ra5 Kd7 51. Ke3 Kc6
52. Kd4 Kb6 53. Ra2 Kc6 54. g4 fxg4 55. hxg4 d5 56. f5 Kd6 57. g5 Kc6 58. g6
1-0

[Event "Liga Madrid 2009-2010 Division de Honor"]
[Site "Madrid ESP"]
[Date "2010.02.21"]
[Round "11.24"]
[White "Vallejo Diaz, Jesus"]
[Black "Fraga Castro, Jose Carlos"]
[Result "1/2-1/2"]
[WhiteElo "2277"]
[BlackElo "2220"]
[PlyCount "109"]
[EventDate "2009.11.22"]
[EventType "team"]
[EventRounds "14"]
[EventCountry "ESP"]
[Source "lmi"]
[SourceDate "2009.11.22"]

1. e4 b6 2. d4 Bb7 3. Nd2 e6 4. Ngf3 d6 5. Bd3 Nd7 6. c3 g6 7. Qe2 Bg7 8. a4 a6
9. b3 Ne7 10. Ba3 O-O 11. O-O h6 12. Rfe1 c5 13. b4 Qc7 14. Nb3 Rfc8 15. Nfd2
cxd4 16. cxd4 Nc6 17. Qe3 Nf6 18. h3 Qd8 19. f3 Bf8 20. b5 axb5 21. axb5 Na5
22. Nxa5 Rxa5 23. Bb4 Rxa1 24. Rxa1 Qc7 25. Nf1 Nd7 26. Bd2 e5 27. Rc1 Qd8 28.
Kh2 exd4 29. Rxc8 Qxc8 30. Qxd4 Bg7 31. Qc4 Nc5 32. Ne3 Be5+ 33. g3 h5 34. h4
Qa8 35. Bc3 Qa3 36. Nd1 Qc1 37. Be2 Qa3 38. Kg2 Qa8 39. Bxe5 dxe5 40. Qc3 Qa2
41. Qb2 Qe6 42. Ne3 Bc8 43. Kf2 Qh3 44. Nf1 f6 45. Qd2 Qd7 46. Bc4+ Kg7 47.
Qxd7+ Bxd7 48. Ne3 Nb7 49. Bd5 Nd8 50. Nc4 Bxb5 51. Nxb6 Bc6 52. Ke3 Kf8 53.
Bb3 Ke7 54. Bd5 Kd6 55. Bxc6 1/2-1/2

[Event "Liga Madrid 2009-2010 Division de Honor"]
[Site "Madrid ESP"]
[Date "2010.02.21"]
[Round "11.25"]
[White "Ramirez Garcia, Jorge Alberto"]
[Black "Fernandez Garcia, Miguel Angel"]
[Result "1-0"]
[WhiteElo "2175"]
[BlackElo "2254"]
[PlyCount "97"]
[EventDate "2009.11.22"]
[EventType "team"]
[EventRounds "14"]
[EventCountry "ESP"]
[Source "lmi"]
[SourceDate "2009.11.22"]

1. e4 c5 2. Nf3 Nc6 3. d4 cxd4 4. Nxd4 e5 5. Nb5 d6 6. N1c3 a6 7. Na3 b5 8. Nd5
Nge7 9. c4 b4 10. Nc2 Rb8 11. Be2 Nxd5 12. cxd5 Ne7 13. Bd2 a5 14. a3 b3 15.
Ne3 a4 16. O-O Bd7 17. Nc4 Nc8 18. f4 exf4 19. Rxf4 Bb5 20. Qf1 Be7 21. Rxf7
Bxc4 22. Bxc4 Bf6 23. Rxf6 gxf6 24. Bb5+ Kf7 25. Bxa4 Ne7 26. Bb4 Ng6 27. Qf5
Qe7 28. Rc1 Rhf8 29. Bxb3 Kg7 30. Qe6 Qa7+ 31. Kh1 Rxb4 32. axb4 Qe3 33. Rc7+
Kh8 34. h3 Ne5 35. Qf5 Qe1+ 36. Kh2 Qh4 37. Bd1 Rg8 38. g4 Qh6 39. Be2 Rf8 40.
b5 Ng6 41. Qd7 Nf4 42. Bf1 Nxd5 43. exd5 Qd2+ 44. Kh1 Qxd5+ 45. Bg2 Qg8 46. Be4
Re8 47. Qxh7+ Qxh7 48. Bxh7 Rb8 49. Bd3 1-0

[Event "Liga Madrid 2009-2010 Division de Honor"]
[Site "Madrid ESP"]
[Date "2010.02.21"]
[Round "11.26"]
[White "Paredes Sanchez, Juan"]
[Black "Mansilla Tolosa, Luis"]
[Result "1-0"]
[WhiteElo "2200"]
[BlackElo "2099"]
[PlyCount "75"]
[EventDate "2009.11.22"]
[EventType "team"]
[EventRounds "14"]
[EventCountry "ESP"]
[Source "lmi"]
[SourceDate "2009.11.22"]

1. e4 c5 2. Nf3 d6 3. d4 cxd4 4. Nxd4 Nf6 5. Nc3 a6 6. h3 b5 7. g4 Bb7 8. Bg2
h6 9. O-O e6 10. Re1 Nbd7 11. a4 b4 12. Nd5 Nxd5 13. exd5 e5 14. Nc6 Qc7 15. f4
Rc8 16. Qe2 Be7 17. fxe5 Nxe5 18. Nxe5 dxe5 19. Qxe5 Qxe5 20. Rxe5 Kd7 21.
Rxe7+ Kxe7 22. d6+ Kxd6 23. Bxb7 Rxc2 24. Bf4+ Kc5 25. Be3+ Kc4 26. Bxa6+ Kb3
27. Bb7 Kxb2 28. Bd4+ Rc3 29. Rf1 Rd8 30. Bxg7 Ka3 31. Bxc3 bxc3 32. Be4 Kxa4
33. Rxf7 Kb3 34. Rc7 Rd2 35. Rc6 Re2 36. Bf5 Kb2 37. Rxh6 c2 38. Rb6+ 1-0

[Event "Liga Madrid 2009-2010 Division de Honor"]
[Site "Madrid ESP"]
[Date "2010.02.21"]
[Round "11.31"]
[White "Moreno Carnero, Javier"]
[Black "Roa Alonso, Santiago"]
[Result "1/2-1/2"]
[WhiteElo "2518"]
[BlackElo "2412"]
[PlyCount "102"]
[EventDate "2009.11.22"]
[EventType "team"]
[EventRounds "14"]
[EventCountry "ESP"]
[Source "lmi"]
[SourceDate "2009.11.22"]

1. e4 e5 2. Nf3 Nc6 3. Bb5 a6 4. Ba4 Nf6 5. O-O Be7 6. d3 b5 7. Bb3 O-O 8. a4
b4 9. a5 d6 10. Nbd2 Be6 11. Re1 Rb8 12. Bc4 Qc8 13. c3 h6 14. d4 bxc3 15. bxc3
exd4 16. Bxe6 Qxe6 17. cxd4 d5 18. e5 Nd7 19. Nf1 Rb5 20. Bd2 f6 21. exf6 Qxf6
22. Bc3 Bb4 23. Bxb4 Rxb4 24. Ne3 Rb5 25. Qd2 Qg6 26. Kh1 Nf6 27. Qe2 Re8 28.
Rac1 Ne4 29. Kg1 Qf6 30. Ng4 Qe6 31. Nge5 Nxe5 32. Nxe5 c5 33. f3 cxd4 34. Nd3
Ng5 35. Qf2 Qg6 36. Rxe8+ Qxe8 37. Qxd4 Rxa5 38. h4 Ne6 39. Qe5 Qd7 40. Qb8+
Kh7 41. Ne5 Qd8 42. Qb1+ Kg8 43. Qf5 Qb6+ 44. Kh1 Nd8 45. Ng6 Qf6 46. Qd7 h5
47. Qe8+ Kh7 48. Nf8+ Kh6 49. Nd7 Qxh4+ 50. Kg1 Qd4+ 51. Kh1 Qh4+ 1/2-1/2

[Event "Liga Madrid 2009-2010 Division de Honor"]
[Site "Madrid ESP"]
[Date "2010.02.21"]
[Round "11.32"]
[White "Cepeda Delgado, Camilo Jose"]
[Black "Gallego Jimenez, Victoriano"]
[Result "1/2-1/2"]
[WhiteElo "2141"]
[BlackElo "2421"]
[PlyCount "139"]
[EventDate "2009.11.22"]
[EventType "team"]
[EventRounds "14"]
[EventCountry "ESP"]
[Source "lmi"]
[SourceDate "2009.11.22"]

1. d4 Nf6 2. c4 c5 3. d5 e6 4. Nc3 exd5 5. Nxd5 Nxd5 6. Qxd5 Nc6 7. Bf4 Nb4 8.
Qe4+ Be7 9. Bd6 f5 10. Qxe7+ Qxe7 11. Bxe7 Kxe7 12. Kd2 d5 13. a3 Nc6 14. cxd5
Rd8 15. e3 Be6 16. Nf3 Bxd5 17. Kc3 Bxf3 18. gxf3 Rd6 19. Be2 Rad8 20. Rad1
Rxd1 21. Rxd1 Rxd1 22. Bxd1 b5 23. Be2 a6 24. f4 Kd6 25. b3 Ne7 26. Bf3 Kc7 27.
Bg2 Ng8 28. Bh3 g6 29. Bf1 Nf6 30. f3 Nd5+ 31. Kd2 Kb6 32. Be2 Nf6 33. Bd3 Nd5
34. Be2 Kc6 35. Bd3 Kd6 36. Be2 Nf6 37. Bd3 Nd5 38. Bc2 Kc6 39. Bd3 a5 40. Be2
Nc7 41. Bd3 Ne6 42. h4 c4 43. bxc4 b4 44. axb4 axb4 45. Bc2 Kc5 46. Kd3 Nd8 47.
Bb3 Nc6 48. Ba4 Na5 49. Bb5 Nb7 50. Ba4 Kd6 51. Kd4 Nc5 52. Bb5 Ne6+ 53. Kd3
Kc7 54. c5 Nxc5+ 55. Kc4 Kd6 56. Kxb4 Ne6 57. Kc4 Ng7 58. Ba4 Nh5 59. Kd4 Ke6
60. Bb3+ Kd6 61. Bc4 Nf6 62. e4 Nh5 63. Ke3 Ke7 64. Ba6 Kf6 65. Bc8 Ng3 66. Ba6
Nh5 67. Bc4 h6 68. e5+ Ke7 69. Bb3 Ng3 70. Bc4 1/2-1/2

[Event "Liga Madrid 2009-2010 Division de Honor"]
[Site "Madrid ESP"]
[Date "2010.02.21"]
[Round "11.33"]
[White "Rojo Huerta, Gabriel"]
[Black "San Juan Rodriguez, Miguel"]
[Result "1-0"]
[WhiteElo "2374"]
[BlackElo "2073"]
[PlyCount "97"]
[EventDate "2009.11.22"]
[EventType "team"]
[EventRounds "14"]
[EventCountry "ESP"]
[Source "lmi"]
[SourceDate "2009.11.22"]

1. d4 d5 2. Nf3 Nc6 3. c4 Bg4 4. Nc3 e6 5. Bf4 Bxf3 6. gxf3 Bd6 7. Bg3 Nge7 8.
cxd5 exd5 9. e3 Nf5 10. Qb3 Nxg3 11. hxg3 Bb4 12. Bb5 Qd7 13. Rc1 Rb8 14. Ke2
Bxc3 15. Rxc3 O-O 16. Qa4 Rfe8 17. Bxc6 bxc6 18. b3 Re6 19. Rhc1 Rb6 20. Qxa7
g5 21. Rh1 Rf6 22. g4 Kg7 23. Rc5 Qc8 24. Qa3 Qe6 25. Rh3 Qc8 26. Ra5 Rb8 27.
Ra7 Rb6 28. Kf1 Re6 29. Kg2 Re8 30. Qa5 Qb8 31. Rh1 Rb7 32. Rxb7 Qxb7 33. Qc5
Qa6 34. a4 Re6 35. Qc2 h6 36. b4 Rf6 37. Rb1 Qc8 38. Qe2 Qh8 39. a5 h5 40. gxh5
Qxh5 41. Rh1 Qg6 42. a6 Re6 43. a7 Re8 44. Rh3 Ra8 45. Qa6 Qe6 46. Qb7 Qc8 47.
Qxc6 f6 48. Qxd5 Rxa7 49. Qe4 1-0

[Event "Liga Madrid 2009-2010 Division de Honor"]
[Site "Madrid ESP"]
[Date "2010.02.21"]
[Round "11.34"]
[White "Tipter, Napoleon"]
[Black "Navarro Nicolas, Victor Manuel"]
[Result "0-1"]
[WhiteElo "2048"]
[BlackElo "2228"]
[PlyCount "54"]
[EventDate "2009.11.22"]
[EventType "team"]
[EventRounds "14"]
[EventCountry "ESP"]
[Source "lmi"]
[SourceDate "2009.11.22"]

1. e4 e6 2. d4 d5 3. Nc3 Bb4 4. e5 c5 5. Qg4 Ne7 6. Qxg7 Rg8 7. Qxh7 cxd4 8. a3
Qa5 9. axb4 Qxa1 10. Nce2 Nbc6 11. Nf3 Bd7 12. b5 Qa5+ 13. Bd2 Qxb5 14. Nexd4
Qxb2 15. Nxc6 Qb1+ 16. Ke2 Bxc6 17. Nd4 Bb5+ 18. Nxb5 Qxb5+ 19. Kd1 Qb2 20. f4
a5 21. h4 a4 22. h5 a3 23. h6 a2 24. Qxg8+ Nxg8 25. h7 a1=Q+ 26. Ke2 Kd7 27.
h8=Q Qd4 0-1

[Event "Liga Madrid 2009-2010 Division de Honor"]
[Site "Madrid ESP"]
[Date "2010.02.21"]
[Round "11.41"]
[White "Gallardo Garcia, Andres"]
[Black "Garcia Luengo, Leandro"]
[Result "1-0"]
[WhiteElo "2418"]
[BlackElo "2308"]
[PlyCount "69"]
[EventDate "2009.11.22"]
[EventType "team"]
[EventRounds "14"]
[EventCountry "ESP"]
[Source "lmi"]
[SourceDate "2009.11.22"]

1. c4 c6 2. Nf3 d5 3. d4 Nf6 4. Nc3 e6 5. e3 dxc4 6. Bxc4 c5 7. O-O Be7 8. Qe2
Nc6 9. dxc5 Bxc5 10. a3 a5 11. e4 Qc7 12. e5 Nd7 13. Bf4 h6 14. Nb5 Qb8 15. Bg3
Nb6 16. Ba2 Bd7 17. Rad1 Kf8 18. Rd2 Be8 19. Rc1 Be7 20. Nd6 Qa7 21. Rcd1 Na4
22. Bf4 Nc5 23. Be3 b6 24. Nxe8 Rxe8 25. Qb5 Qb7 26. b4 axb4 27. axb4 Nxb4 28.
Qxb4 Ne4 29. Qxb6 Qxb6 30. Bxb6 Nxd2 31. Nxd2 g6 32. Ne4 Kg7 33. g3 Ba3 34. Bc7
Re7 35. Bd8 1-0

[Event "Liga Madrid 2009-2010 Division de Honor"]
[Site "Madrid ESP"]
[Date "2010.02.21"]
[Round "11.42"]
[White "Garcia Pichon, Eduardo"]
[Black "Candela Perez, Jose"]
[Result "1-0"]
[WhiteElo "2282"]
[BlackElo "2416"]
[PlyCount "45"]
[EventDate "2009.11.22"]
[EventType "team"]
[EventRounds "14"]
[EventCountry "ESP"]
[Source "lmi"]
[SourceDate "2009.11.22"]

1. e4 c5 2. c3 Nf6 3. e5 Nd5 4. d4 cxd4 5. Nf3 e6 6. cxd4 d6 7. Nc3 Nxc3 8.
bxc3 Qc7 9. Be2 Nd7 10. O-O dxe5 11. dxe5 Be7 12. Bf4 O-O 13. Bd3 Nc5 14. Bc2
b6 15. Nd4 Bd7 16. Re1 Rfd8 17. Bxh7+ Kxh7 18. Qh5+ Kg8 19. Re3 g6 20. Qh6 Bf8
21. Qh4 Be8 22. Bg5 f6 23. Rh3 1-0

[Event "Liga Madrid 2009-2010 Division de Honor"]
[Site "Madrid ESP"]
[Date "2010.02.21"]
[Round "11.43"]
[White "Taboas Rodriguez, Daniel"]
[Black "Piña Sierra, Julia"]
[Result "1-0"]
[WhiteElo "2359"]
[BlackElo "2061"]
[PlyCount "95"]
[EventDate "2009.11.22"]
[EventType "team"]
[EventRounds "14"]
[EventCountry "ESP"]
[Source "lmi"]
[SourceDate "2009.11.22"]

1. d4 Nf6 2. Nf3 g6 3. c4 Bg7 4. Nc3 d5 5. cxd5 Nxd5 6. e4 Nxc3 7. bxc3 O-O 8.
Be2 c5 9. O-O Bg4 10. Be3 Qc7 11. Rc1 Nd7 12. h3 Bxf3 13. Bxf3 Rad8 14. Qb3 e5
15. Rfd1 b6 16. a4 Rfe8 17. Qb5 c4 18. d5 Nf6 19. a5 Rd6 20. axb6 axb6 21. Rb1
Rb8 22. Rb4 Rc8 23. Bxb6 Qd7 24. Bc5 Qxb5 25. Rxb5 Rd7 26. Ra1 h5 27. Ra6 Ne8
28. Rc6 Ra8 29. Rb4 Bf8 30. Bxf8 Kxf8 31. Rcxc4 Nd6 32. Rc6 Ra1+ 33. Kh2 Re1
34. g4 h4 35. g5 Ke7 36. Kg2 Rd8 37. c4 Nxe4 38. Bxe4 Rxe4 39. Rb7+ Ke8 40. d6
Rd4 41. c5 e4 42. Rcc7 Rd5 43. Re7+ Kf8 44. Rxf7+ Kg8 45. Rg7+ Kh8 46. Rh7+ Kg8
47. Rbg7+ Kf8 48. Rxg6 1-0

[Event "Liga Madrid 2009-2010 Division de Honor"]
[Site "Madrid ESP"]
[Date "2010.02.21"]
[Round "11.44"]
[White "Garcia Diaz, Victor"]
[Black "Prieto Martin, Alfonso"]
[Result "0-1"]
[WhiteElo "2095"]
[BlackElo "2212"]
[PlyCount "76"]
[EventDate "2009.11.22"]
[EventType "team"]
[EventRounds "14"]
[EventCountry "ESP"]
[Source "lmi"]
[SourceDate "2009.11.22"]

1. e4 c5 2. Nf3 Nf6 3. Nc3 e6 4. d4 cxd4 5. Nxd4 Nc6 6. Ndb5 Bb4 7. a3 Bxc3+ 8.
Nxc3 d5 9. exd5 exd5 10. Bg5 O-O 11. Be2 d4 12. Ne4 Qa5+ 13. b4 Qe5 14. Nxf6+
gxf6 15. Bh6 Re8 16. Kf1 Bf5 17. g4 Bxc2 18. Qxc2 d3 19. Bxd3 Qxa1+ 20. Kg2 Qe5
21. Bxh7+ Kh8 22. Rd1 Nd4 23. Qd3 Rad8 24. Qh3 Qd5+ 25. f3 Qxf3+ 26. Qxf3 Nxf3
27. Rxd8 Rxd8 28. Be4 Ng5 29. Bxb7 Kh7 30. Bxg5 fxg5 31. Be4+ Kg7 32. Kf3 Rd2
33. a4 Rxh2 34. Bd3 Ra2 35. a5 Ra4 36. a6 Rxb4 37. Bf5 Kf6 38. Bc8 Ke5 0-1

[Event "Liga Madrid 2009-2010 Division de Honor"]
[Site "Madrid ESP"]
[Date "2010.02.21"]
[Round "11.45"]
[White "Cesar Benavides, Juan Antonio"]
[Black "De La Rosa Bretin, Adrian"]
[Result "1-0"]
[WhiteElo "2175"]
[BlackElo "1795"]
[PlyCount "47"]
[EventDate "2009.11.22"]
[EventType "team"]
[EventRounds "14"]
[EventCountry "ESP"]
[Source "lmi"]
[SourceDate "2009.11.22"]

1. d4 d5 2. c4 e6 3. cxd5 exd5 4. Nc3 Nf6 5. Bg5 Be7 6. e3 O-O 7. Bd3 c6 8. Qc2
h6 9. Bh4 b5 10. Nge2 a5 11. O-O Nbd7 12. f3 Ba6 13. Rac1 Nb6 14. Nd1 Rc8 15.
Qb1 Nfd7 16. Be1 Nc4 17. b3 Nd6 18. Ndc3 Re8 19. a4 Bf8 20. e4 dxe4 21. fxe4
Qb6 22. Bf2 b4 23. e5 Nb5 24. axb5 1-0

[Event "Liga Madrid 2009-2010 Division de Honor"]
[Site "Madrid ESP"]
[Date "2010.02.28"]
[Round "12.11"]
[White "Almagro Llamas, Pablo"]
[Black "Arribas Lopez, Angel"]
[Result "1-0"]
[WhiteElo "2453"]
[BlackElo "2481"]
[PlyCount "127"]
[EventDate "2009.11.22"]
[EventType "team"]
[EventRounds "14"]
[EventCountry "ESP"]
[Source "lmi"]
[SourceDate "2009.11.22"]

1. e4 c5 2. Nf3 d6 3. d4 cxd4 4. Nxd4 Nf6 5. Nc3 a6 6. Bc4 e6 7. Bb3 Nbd7 8.
Bg5 Qa5 9. Bxf6 gxf6 10. f4 Nc5 11. O-O Be7 12. f5 h5 13. Kh1 Bd7 14. a3 Nxb3
15. cxb3 O-O-O 16. b4 Qb6 17. Qd3 Kb8 18. Rad1 Rdg8 19. fxe6 fxe6 20. Qc4 Rg4
21. Nxe6 f5 22. Qd4 Qxd4 23. Nxd4 Bf6 24. h3 Rg3 25. Nxf5 Bxf5 26. exf5 Bxc3
27. bxc3 Kc7 28. Rf3 Rxf3 29. gxf3 Rf8 30. Kg2 Rxf5 31. Kg3 a5 32. f4 Kc6 33.
Kf3 axb4 34. axb4 d5 35. Rg1 Rf8 36. Rg5 h4 37. Kg4 Rf7 38. f5 Kb5 39. f6 Rxf6
40. Rxd5+ Kc6 41. Rc5+ Kd6 42. Kxh4 b6 43. Rc4 Ke5 44. Kg5 Rf5+ 45. Kg4 Rf2 46.
h4 Rg2+ 47. Kh3 Rg8 48. Rc6 Kf4 49. c4 Rd8 50. Rf6+ Ke5 51. Rxb6 Rd3+ 52. Kg4
Rd4+ 53. Kg5 Rxc4 54. h5 Rc1 55. Kg6 Rg1+ 56. Kh7 Kf5 57. h6 Ra1 58. Rb7 Kf6
59. b5 Ra5 60. b6 Ra6 61. Rb8 Kf7 62. Kh8 Kg6 63. b7 Ra7 64. h7 1-0

[Event "Liga Madrid 2009-2010 Division de Honor"]
[Site "Madrid ESP"]
[Date "2010.02.28"]
[Round "12.12"]
[White "Gallardo Garcia, Andres"]
[Black "Rabadan Velasco, Raul"]
[Result "1/2-1/2"]
[WhiteElo "2418"]
[BlackElo "2334"]
[PlyCount "119"]
[EventDate "2009.11.22"]
[EventType "team"]
[EventRounds "14"]
[EventCountry "ESP"]
[Source "lmi"]
[SourceDate "2009.11.22"]

1. Nf3 Nc6 2. d4 d5 3. c4 Bg4 4. Nc3 e6 5. Bf4 Bxf3 6. gxf3 dxc4 7. e3 Bd6 8.
Bg3 h5 9. Bxc4 Nge7 10. Qc2 h4 11. Bxd6 cxd6 12. d5 exd5 13. Bxd5 Nxd5 14. Nxd5
Qa5+ 15. Nc3 Rh5 16. O-O-O Rd8 17. Rhg1 Kf8 18. Qb3 Rc5 19. Rg4 b5 20. Kb1 Ne5
21. Rxh4 Kg8 22. Rf4 Nc4 23. Nd5 Re8 24. Rfd4 Kf8 25. Qd3 g6 26. b4 Qa3 27.
Qxa3 Nxa3+ 28. Kb2 Nc4+ 29. Kb3 Rc6 30. Ra1 Rec8 31. a4 a6 32. axb5 axb5 33.
Ra7 Ne5 34. f4 Nf3 35. Rd1 Rc2 36. Ra2 Rxa2 37. Kxa2 Rc2+ 38. Kb3 Rxf2 39. Nc7
Nd2+ 40. Kc3 Nc4 41. Kd4 Na3 42. Rd3 Rc2 43. Rc3 Ra2 44. Kd5 Nc2 45. Kxd6 Nxb4
46. Kc5 Nc2 47. Nxb5 Ne1 48. Ra3 Rxh2 49. Ra7 Re2 50. Kd4 Rd2+ 51. Ke4 Kg7 52.
Nd4 Nd3 53. Ne6+ Kf6 54. Ng5 Nc5+ 55. Kf3 Rd7 56. Ra5 Ne6 57. Ra6 Rb7 58. e4
Rb1 59. Nxe6 fxe6 60. Kg4 1/2-1/2

[Event "Liga Madrid 2009-2010 Division de Honor"]
[Site "Madrid ESP"]
[Date "2010.02.28"]
[Round "12.13"]
[White "Anton Guijarro, David"]
[Black "Candela Perez, Jose"]
[Result "1-0"]
[WhiteElo "2300"]
[BlackElo "2416"]
[PlyCount "49"]
[EventDate "2009.11.22"]
[EventType "team"]
[EventRounds "14"]
[EventCountry "ESP"]
[Source "lmi"]
[SourceDate "2009.11.22"]

1. d4 d5 2. c4 c6 3. e3 Nf6 4. Bd3 e6 5. Nf3 Nbd7 6. b3 Bd6 7. Bb2 O-O 8. Nbd2
b6 9. O-O Bb7 10. Ne5 Qe7 11. f4 c5 12. Qe2 Ne4 13. cxd5 Nxd2 14. Nxd7 Nxf1 15.
Nxf8 Rxf8 16. dxe6 Qxe6 17. Rxf1 Re8 18. Re1 Be4 19. Bb5 Re7 20. Bc4 Qg6 21.
Qf2 Bb7 22. Rd1 Rxe3 23. dxc5 Bc7 24. Be5 Qg4 25. Rd2 1-0

[Event "Liga Madrid 2009-2010 Division de Honor"]
[Site "Madrid ESP"]
[Date "2010.02.28"]
[Round "12.14"]
[White "Taboas Rodriguez, Daniel"]
[Black "Perez De Aranda Alonso, Leonardo"]
[Result "1-0"]
[WhiteElo "2359"]
[BlackElo "2216"]
[PlyCount "43"]
[EventDate "2009.11.22"]
[EventType "team"]
[EventRounds "14"]
[EventCountry "ESP"]
[Source "lmi"]
[SourceDate "2009.11.22"]

1. d4 f5 2. Bg5 g6 3. Nd2 Bg7 4. e4 fxe4 5. Nxe4 d5 6. Nc5 b6 7. Nb3 Nh6 8. Nf3
Nf7 9. Bh4 O-O 10. Bd3 c5 11. c4 Bg4 12. O-O cxd4 13. Re1 Ne5 14. Nbxd4 Rf4 15.
Qd2 Bxf3 16. Qxf4 Nxd3 17. Qxf3 Nxe1 18. Rxe1 Bxd4 19. Bxe7 Qe8 20. Qxd5+ Qf7
21. Qd8+ Kg7 22. Qxd4+ 1-0

[Event "Liga Madrid 2009-2010 Division de Honor"]
[Site "Madrid ESP"]
[Date "2010.02.28"]
[Round "12.15"]
[White "Tamayo Romay, Javier"]
[Black "Prieto Martin, Alfonso"]
[Result "1/2-1/2"]
[WhiteElo "2232"]
[BlackElo "2212"]
[PlyCount "118"]
[EventDate "2009.11.22"]
[EventType "team"]
[EventRounds "14"]
[EventCountry "ESP"]
[Source "lmi"]
[SourceDate "2009.11.22"]

1. e4 Nf6 2. e5 Nd5 3. c4 Nb6 4. c5 Nd5 5. Bc4 e6 6. Nc3 Nxc3 7. dxc3 Nc6 8.
Bf4 Bxc5 9. Qg4 g6 10. Nf3 d5 11. O-O-O Bd7 12. Bd3 Qe7 13. Bg5 Qf8 14. Bf6 Be7
15. Bxh8 Qxh8 16. Rhe1 O-O-O 17. Bb5 h5 18. Qf4 Qh7 19. Bxc6 Bxc6 20. h4 Bf8
21. Ng5 Bh6 22. Kb1 Qg8 23. Qxf7 Bxg5 24. Qxg8 Rxg8 25. hxg5 Rf8 26. Rd2 Rf5
27. Re3 Rxg5 28. f4 Rg4 29. g3 h4 30. gxh4 Rxf4 31. Rd4 Rf1+ 32. Kc2 Rf2+ 33.
Kc1 Rf1+ 34. Kd2 Bb5 35. Re1 Rf2+ 36. Kc1 Rf3 37. Rh1 Bd3 38. h5 gxh5 39. Rxh5
Bf5 40. Kd2 Rf2+ 41. Ke3 Rxb2 42. Rxf5 exf5 43. Rxd5 Rxa2 44. Kf4 Rf2+ 45. Kg5
c6 46. Rd1 a5 47. e6 Re2 48. Kf6 a4 49. e7 Kc7 50. Rd8 Kb6 51. e8=Q Rxe8 52.
Rxe8 Kc5 53. Kxf5 Kc4 54. Re4+ Kxc3 55. Rxa4 b5 56. Ra1 b4 57. Rc1+ Kd2 58.
Rxc6 b3 59. Rb6 Kc2 1/2-1/2